Classifica Marcatori Chievo Verona All-Time - Statistics

Statistiche generali
  • Questo quiz è stato fatto 44 volte
  • Il punteggio medio è 4 su 10
Statistiche sulle risposte
Gol Nazione Calciatore % Corretto
129 Italia Sergio Pellissier
100%
46 Italia Alberto Paloschi
49%
30 Francia Cyril Théréau
49%
46 Italia Massimo Marazzina
41%
28 Italia Roberto Inglese
38%
49 Italia Federico Cossato
31%
41 Italia Michele Cossato
31%
31 Italia Eugenio Corini
18%
37 Italia Raffaele Cerbone
0%
39 Italia Riccardo Gori
0%
Nessun quiz corrispondente trovato
Distribuzione punteggi
Percentuale di utenti per punteggio
Percentile per numero di risposta
I tuoi punteggi nel tempo
Non hai fatto questo quiz